| 000 | 06727nam a22005417a 4500 | ||
|---|---|---|---|
| 005 | 20101004152951.0 | ||
| 010 | _aHIN-90098 | ||
| 020 |
_a9789350001127 _c495.00 |
||
| 035 | _aHN-62444 | ||
| 035 | _aB-401001-023 | ||
| 037 | _bवाणी प्रकाशन/ PUB | ||
| 037 | _bDBAD / PUB | ||
| 082 | _a792.028092 | ||
| 100 |
_aपुरी, अमरीश _922820 |
||
| 245 |
_aजीवन का रंगमंच / _cअमरीश पुरी; ज्योति सभरवाल द्वारा संपादित ;नीरू द्वारा अनुदित |
||
| 246 |
_aJeewan ka Rangmanch _bby Amrish Puri |
||
| 260 |
_aनई दिल्ली _bवाणी प्रकाशन _c2010 |
||
| 270 |
_a4695, 21-ए, दरियागंज _bनई दिल्ली _e110002 |
||
| 300 |
_a327पृ _c24सेमी (सजिल्द) _bसचित्र |
||
| 700 |
_aनीरू _92464 |
||
| 700 |
_aसभरवाल, ज्योति _92465 |
||
| 942 |
_2ddc _cHN _mपुरीअ _h792.028092 |
||
| 999 |
_c34326 _d34326 |
||